000 00247nam a22001217a 4500
082 _a474
_bNAG/N
100 _aNAGAR,AMRUTHLAL
245 _aNATGATT CHAACHI
260 _aDELHI
_bRAJPAL
300 _a40
650 _aSTORY HINDI
_zDELHI
942 _cBK
999 _c4759
_d4759